| 000 | 00575nam a2200181Ia 4500 | ||
|---|---|---|---|
| 003 | GCL | ||
| 008 | 140319s9999 xx 000 0 ara d | ||
| 040 |
_aGCL / _cGCL |
||
| 082 | 0 | 4 |
_a327.12 _bم ج |
| 100 | 1 | _aمحسن احمد الخضيرى | |
| 245 | 1 | 0 |
_aالجاسوسية ورجال الاعمال / _cمحسن احمد الخضيرى |
| 260 |
_a[S.N] : _bدار العقاد للنشر ، _c1992 |
||
| 490 | _a | ||
| 650 | 0 | 4 | _aالاقتصاد الدولى |
| 650 | 0 | 4 | _aالجرائم الاقتصادية |
| 650 | 0 | 4 | _aرجال الاعمال |
| 942 |
_2ddc _cBK |
||
| 999 |
_c43770 _d43770 |
||